Technika restavracii kartin

Na minha lista:
Detalhes bibliográficos
Formato: Livro
Idioma:russo
Publicado em: Moskva Izdateľstvo Gosudarstvennoj Tretjakovskoj Gallerei 1948
Tags: Adicionar Tag
Sem tags, seja o primeiro a adicionar uma tag!

MARC

LEADER 00000nam a2200000 4500
001 0308380
005 20250430131057.3
041 0 |a rus 
044 |a RU 
245 1 0 |a Technika restavracii kartin  |c Je. V. Kudrjavcev ; I. E. Grabarj 
264 1 |a Moskva  |b Izdateľstvo Gosudarstvennoj Tretjakovskoj Gallerei  |c 1948